Statistics for French Rap Quiz

Click here to take the quiz!

General Stats

  • This quiz has been taken 1,541 times
    (1,534 since last reset)
  • The average score is 6 of 8

Answer Stats

HintAnswer% Correct
Fought Kaaris at Orly in 2018Booba
97%
Is Belgian and CongoleseDamso
89%
Began Afro TrapMHD
88%
"Wesh le gang, wesh c'est quoi les bails?"Niska
87%
His real name is Valentin Le DuVald
80%
Is from "La Banane"Moha La Squale
65%
Kool Shen's partner, from the group NTMJoeyStarr
50%
His stage name is based on a Steven Spielberg movie characterGuizmo
3%

Score Distribution

Percentile by Number Answered

Percent of People with Each Score

Your Score History

You have not taken this quiz since the last reset